| 000 | 00698nam a2200193Ia 4500 | ||
|---|---|---|---|
| 003 | GCL | ||
| 005 | 20240530103714.0 | ||
| 008 | 140319s9999 xx 000 0 ara d | ||
| 040 |
_aGCL / _cGCL |
||
| 082 | 0 | 4 |
_a810.94 _bع ك |
| 100 | 1 | _aعبداللطيف محمد السيد الحديدى | |
| 245 | 1 | 0 |
_aنظرات فى وساطة القاضى الجرجانى / _cعبداللطيف محمد السيدالحديدى |
| 300 | _a174 ص | ||
| 490 |
_aكتاب _v0 |
||
| 650 | 0 | 4 | _aالادب العربى - تاريخ ونقد |
| 650 | 0 | 4 | _aالجرجانى , ابو الحسن على |
| 650 | 0 | 4 | _aالادب العربى - تاريخ ونقد - العصر العباسى |
| 942 |
_2ddc _cBK |
||
| 999 |
_c41844 _d41844 |
||